| 000 | 00437nam a22001577a 4500 | ||
|---|---|---|---|
| 005 | 20240423154900.0 | ||
| 008 | 240423b |||||||| |||| 00| 0 eng d | ||
| 082 |
_a297.1226 _bJAL-T |
||
| 100 | _aJalal al-Din al-Mahalli | ||
| 245 |
_aTafseer Jallalain / _cJalal al-Din al-Mahalli |
||
| 260 |
_aPakistan : _bMuktabah Rehmaniyn ; |
||
| 300 |
_a591 p. : _c36 cm . |
||
| 500 | _aExtra long. | ||
| 650 | _aLiterature /Islamic | ||
| 999 |
_c35582 _d35582 |
||